[Event "Esbjerg 100 Years m"]
[Site "Esbjerg"]
[Date "2022.10.20"]
[Round "2.2"]
[White "Fries Nielsen, Niels Jorgen"]
[Black "Bjerre, Jonas Buhl"]
[Result "1/2-1/2"]
[WhiteElo "2289"]
[BlackElo "2612"]
[PlyCount "90"]
[EventDate "2022.10.20"]
[EventType "team-match"]
[EventRounds "4"]
[EventCountry "DEN"]
[SourceTitle "EXT 2024"]
[Source "ChessBase"]
[SourceDate "2023.10.10"]
[SourceVersion "1"]
[SourceVersionDate "2023.10.10"]
[SourceQuality "1"]
[WhiteTeam "Experience"]
[BlackTeam "Youth"]
[WhiteTeamCountry "DEN"]
[BlackTeamCountry "DEN"]

1. e4 c5 2. Nc3 a6 3. d3 e6 4. g3 b5 5. Bg2 Bb7 6. Nf3 Nc6 7. 0-0 Qc7 8. h3 Be7 9. Re1 d6 10. g4 Nf6 11. Bf4 Nd7 12. Bg3 Nde5 13. Nh2 Ng6 14. Ne2 h5 15. gxh5 Rxh5 16. c3 Bh4 17. d4 Bxg3 18. fxg3 0-0-0 19. a4 Qb6 20. axb5 axb5 21. Rf1 f6 22. h4 Kb8 23. Rf2 e5 24. d5 Nce7 25. Nd4 exd4 26. Qxh5 Rh8 27. Qd1 Ne5 28. cxd4 cxd4 29. Nf3 Nxf3+ 30. Bxf3 Ng6 31. Kg2 Ne5 32. Rd2 Nc4 33. Qe2 Re8 34. Rad1 Ne3+ 35. Kh2 f5 36. Rxd4 Nxd1 37. Qxd1 fxe4 38. Bxe4 Rf8 39. Bg2 Bc8 40. Qd2 Qc7 41. Rf4 Re8 42. Re4 Rf8 43. Rf4 Re8 44. Re4 Rf8 45. Rf4 Re8 1/2-1/2

[Event "Hamburg-chT Landesliga 2122"]
[Site "Hamburg"]
[Date "2022.03.27"]
[Round "6.2"]
[White "Fries Nielsen, Niels Jorgen"]
[Black "Hold, Andre"]
[Result "1/2-1/2"]
[WhiteElo "2295"]
[BlackElo "2081"]
[PlyCount "38"]
[EventDate "2021.10.31"]
[EventType "team-tourn"]
[EventRounds "9"]
[EventCountry "GER"]
[SourceTitle "EXT 2023"]
[Source "ChessBase"]
[SourceDate "2022.10.05"]
[SourceVersion "1"]
[SourceVersionDate "2022.10.05"]
[SourceQuality "1"]
[WhiteTeam "Harburg Diagonale"]
[BlackTeam "Hamburger SK V"]
[WhiteTeamCountry "GER"]
[BlackTeamCountry "GER"]

1. Nf3 g6 2. c4 c5 3. Nc3 Bg7 4. g3 Nc6 5. Bg2 e5 6. 0-0 Nge7 7. d3 0-0 8. a3 d6 9. Rb1 a5 10. Ne1 f5 11. f4 Rb8 12. Nc2 Be6 13. Ne3 Bf7 14. Bd2 Nd4 15. Ned5 exf4 16. gxf4 Ndc6 17. e3 Nxd5 18. Nxd5 Ne7 19. Nxe7+ Qxe7 1/2-1/2

[Event "Oberliga Nord N 1920"]
[Site "Germany"]
[Date "2019.11.24"]
[Round "3.2"]
[White "Fries Nielsen, Niels Jorgen"]
[Black "Schulenburg, Torben"]
[Result "1/2-1/2"]
[WhiteElo "2316"]
[BlackElo "2162"]
[PlyCount "35"]
[EventDate "2019.09.29"]
[EventType "team-tourn"]
[EventRounds "9"]
[EventCountry "GER"]
[SourceTitle "CBM 195 Extra"]
[Source "ChessBase"]
[SourceDate "2020.05.31"]
[SourceVersion "1"]
[SourceVersionDate "2020.05.31"]
[SourceQuality "1"]

1. g3 Nf6 2. Bg2 d5 3. c4 c6 4. Qa4 dxc4 5. Qxc4 e5 6. Nf3 Bd6 7. d3 0-0 8. 0-0 h6 9. Be3 Qe7 10. Nc3 Nbd7 11. Rac1 Nb6 12. Qh4 Bf5 13. a3 Nbd5 14. Bd2 Rfe8 15. Ne4 Bxe4 16. dxe4 Nc7 17. Be3 Ne6 18. Nd2 1/2-1/2

[Event "Fredericia"]
[Site "Fredericia"]
[Date "2019.05.30"]
[Round "3"]
[White "Fries Nielsen, Niels Jorgen"]
[Black "Jacobsen, Mikkel Manosri"]
[Result "1/2-1/2"]
[WhiteElo "2328"]
[BlackElo "2319"]
[PlyCount "61"]
[EventDate "2019.05.29"]
[EventType "tourn"]
[EventRounds "9"]
[EventCountry "DEN"]
[EventCategory "4"]
[SourceTitle "CBM 190 Extra"]
[Source "ChessBase"]
[SourceDate "2019.07.15"]
[SourceVersion "1"]
[SourceVersionDate "2019.07.15"]
[SourceQuality "1"]

1. Nf3 d5 2. c4 e6 3. g3 Nf6 4. Bg2 Be7 5. 0-0 0-0 6. d3 c6 7. b3 a5 8. a3 Nbd7 9. Nc3 Re8 10. Bb2 Bf8 11. Qc2 Qb6 12. d4 Qa6 13. c5 b6 14. b4 bxc5 15. bxc5 Rb8 16. Rab1 Be7 17. Rfe1 Qa8 18. Bc1 Rxb1 19. Qxb1 Ba6 20. Bf4 Nf8 21. Qc2 N6d7 22. Rb1 f6 23. e4 g5 24. Be3 Rb8 25. exd5 Rxb1+ 26. Qxb1 cxd5 27. Nd2 Bb7 28. Qb3 Ng6 29. Bf1 f5 30. f3 Kg7 31. Bf2 1/2-1/2

[Event "Hamburg-chT Landesliga 1718"]
[Site "Hamburg"]
[Date "2018.04.22"]
[Round "9.2"]
[White "Fries Nielsen, Niels Jorgen"]
[Black "Wolter, Michael"]
[Result "1-0"]
[WhiteElo "2315"]
[BlackElo "2201"]
[PlyCount "117"]
[EventDate "2017.10.08"]
[EventType "team-tourn"]
[EventRounds "9"]
[EventCountry "GER"]
[SourceTitle "EXT 2021"]
[Source "ChessBase"]
[SourceDate "2020.10.23"]
[SourceVersion "1"]
[SourceVersionDate "2020.10.23"]
[SourceQuality "1"]
[WhiteTeam "Harburg Diagonale"]
[BlackTeam "Hamburg Koenigsspringer II"]
[WhiteTeamCountry "GER"]
[BlackTeamCountry "GER"]

1. Nf3 d5 2. c4 e6 3. g3 Nf6 4. Bg2 Be7 5. 0-0 0-0 6. b3 d4 7. d3 c5 8. e4 Nc6 9. e5 Ne8 10. h4 Qc7 11. Bf4 b6 12. Nbd2 Bb7 13. Qe2 Qd8 14. a3 a6 15. Ne4 Ra7 16. Rfe1 Na5 17. Rab1 Ba8 18. b4 cxb4 19. axb4 Nc6 20. b5 axb5 21. Rxb5 Ra6 22. Reb1 Na7 23. R5b2 Nc8 24. Nfg5 Ra7 25. Ra2 h6 26. Rxa7 Nxa7 27. Nf3 Nc8 28. h5 Nc7 29. Nfd2 Re8 30. Ra1 Bxe4 31. Bxe4 Bg5 32. Bxg5 Qxg5 33. Kg2 Rd8 34. f4 Qe7 35. Rb1 Na6 36. Bf3 Nc5 37. Ne4 Qc7 38. Nxc5 Qxc5 39. Rb5 Qc7 40. Qb2 Qa7 41. Be4 Qa4 42. Rb3 Qa7 43. Qa3 Qc7 44. Qb4 f5 45. Bf3 Rf8 46. Ra3 Rf7 47. Ra8 Kh7 48. Qb5 Re7 49. Qc6 Na7 50. Qd6 g5 51. hxg6+ Kxg6 52. Qxc7 Rxc7 53. Re8 b5 54. Rxe6+ Kg7 55. Rd6 Nc8 56. Rxd4 b4 57. c5 Rxc5 58. Rxb4 Rc2+ 59. Kf1 1-0

[Event "Hamburg-chT Landesliga 1617"]
[Site "Hamburg"]
[Date "2017.05.14"]
[Round "9.1"]
[White "Fries Nielsen, Niels Jorgen"]
[Black "Rogozenco, Teodora Nana"]
[Result "1-0"]
[WhiteElo "2303"]
[BlackElo "2101"]
[PlyCount "49"]
[EventDate "2016.10.16"]
[EventType "team-tourn"]
[EventRounds "9"]
[EventCountry "GER"]
[SourceTitle "EXT 2022"]
[Source "ChessBase"]
[SourceDate "2021.10.06"]
[SourceVersion "1"]
[SourceVersionDate "2021.10.06"]
[SourceQuality "1"]
[WhiteTeam "Harburg Diagonale"]
[BlackTeam "Hamburger SK IV"]
[WhiteTeamCountry "GER"]
[BlackTeamCountry "GER"]

1. d3 d5 2. c3 c5 3. e4 Nc6 4. Nf3 e5 5. Qa4 Qd6 6. Nbd2 Nf6 7. exd5 Qxd5 8. Nc4 Bd7 9. Nb6 axb6 10. Qxa8+ Nd8 11. Be3 Bd6 12. Qa3 0-0 13. Qb3 Qc6 14. Qc2 Ng4 15. 0-0-0 Nxe3 16. fxe3 Be6 17. Ng5 Bxa2 18. b3 Ne6 19. Nxe6 Ra8 20. Kd2 fxe6 21. Ra1 Rf8 22. Be2 Qxg2 23. Rhf1 Rd8 24. Rxa2 e4 25. Kc1 1-0

[Event "SWE Cup"]
[Site "Sweden"]
[Date "2017.03.25"]
[Round "8.2"]
[White "Hamark, Jesper"]
[Black "Fries Nielsen, Niels Jorgen"]
[Result "1/2-1/2"]
[WhiteElo "2288"]
[BlackElo "2292"]
[PlyCount "115"]
[EventDate "2017.01.14"]
[EventType "team-tourn"]
[EventRounds "9"]
[EventCountry "SWE"]
[SourceTitle "EXT 2018"]
[Source "ChessBase"]
[SourceDate "2017.10.13"]
[SourceVersion "1"]
[SourceVersionDate "2017.10.13"]
[SourceQuality "1"]
[WhiteTeam "Kamraterna"]
[BlackTeam "Burgsvik Alva"]
[WhiteTeamCountry "SWE"]
[BlackTeamCountry "SWE"]

1. c4 a6 2. g3 c6 3. Nf3 b5 4. b3 d6 5. Bg2 e5 6. 0-0 Nf6 7. cxb5 axb5 8. d4 e4 9. Ng5 d5 10. f3 h6 11. Nh3 Bd6 12. Be3 0-0 13. Nc3 Re8 14. Qd2 Qe7 15. Rfe1 Bf5 16. Nf2 Nbd7 17. fxe4 dxe4 18. Rf1 Nb6 19. Nfd1 Qe6 20. Qe1 b4 21. Nb1 Ra5 22. Qd2 Rea8 23. Qc2 Ng4 24. Nd2 Qg6 25. Bxe4 Bxe4 26. Qxe4 Qxe4 27. Nxe4 Nxe3 28. Nxe3 Bf8 29. Kf2 Nd5 30. Rfc1 f5 31. Nc5 Rxa2 32. Rxa2 Rxa2 33. Ne6 Nc3 34. Rc2 Ra3 35. Rb2 Be7 36. Kf3 g6 37. Nc4 Bf6 38. e3 Ra1 39. Nc5 Kg7 40. g4 fxg4+ 41. Kxg4 Rf1 42. Kg3 h5 43. Kg2 Ra1 44. Rf2 Ra8 45. Nd6 Nd5 46. Ne6+ Kg8 47. e4 Ne3+ 48. Kf3 Ng4 49. Rc2 Ra3 50. Rxc6 Rxb3+ 51. Ke2 Rc3 52. Rb6 b3 53. Rb8+ Kh7 54. Rb7+ Kg8 55. Rb8+ Kh7 56. Rb7+ Kg8 57. Rb8+ Kh7 58. Rb7+ 1/2-1/2

[Event "SWE-chT2 1617"]
[Site "Sweden"]
[Date "2016.10.16"]
[Round "3.3"]
[White "Christiansen, Johan Sebastian"]
[Black "Fries Nielsen, Niels Jorgen"]
[Result "1-0"]
[WhiteElo "2408"]
[BlackElo "2292"]
[PlyCount "73"]
[EventDate "2016.10.14"]
[EventType "team-tourn"]
[EventRounds "9"]
[EventCountry "SWE"]
[SourceTitle "EXT 2017"]
[Source "ChessBase"]
[SourceDate "2016.10.25"]
[SourceVersion "1"]
[SourceVersionDate "2016.10.25"]
[SourceQuality "1"]
[WhiteTeam "Vaxjo"]
[BlackTeam "Burgsvik Alva"]
[WhiteTeamCountry "SWE"]
[BlackTeamCountry "SWE"]

1. Nf3 b5 2. e4 Bb7 3. Bxb5 Bxe4 4. 0-0 Nf6 5. d4 e6 6. c4 Nc6 7. Ng5 Bxb1 8. Rxb1 Bd6 9. Bxc6 dxc6 10. Qa4 Qd7 11. c5 Be7 12. Nf3 0-0 13. Ne5 Qe8 14. Nxc6 Nd5 15. Qa6 Bf6 16. Bd2 Ne7 17. Nxe7+ Qxe7 18. Be3 Rfd8 19. Rfd1 Rd5 20. b4 Qd8 21. Qb7 g5 22. Rd2 a6 23. a4 Rb8 24. Qxa6 Bxd4 25. Qc6 Qf6 26. Rxd4 Rxd4 27. Bxd4 Qxd4 28. b5 Rd8 29. h3 Rd5 30. Qxc7 Qxa4 31. c6 Qc2 32. Qb8+ Kg7 33. Rf1 Rc5 34. Ra1 Rf5 35. c7 Qxf2+ 36. Kh1 Qb2 37. Rg1 1-0

[Event "SWE-chT2 1617"]
[Site "Sweden"]
[Date "2016.10.15"]
[Round "2.5"]
[White "Ziegler, Ari"]
[Black "Fries Nielsen, Niels Jorgen"]
[Result "0-1"]
[WhiteElo "2301"]
[BlackElo "2292"]
[PlyCount "134"]
[EventDate "2016.10.14"]
[EventType "team-tourn"]
[EventRounds "9"]
[EventCountry "SWE"]
[SourceTitle "EXT 2017"]
[Source "ChessBase"]
[SourceDate "2016.10.25"]
[SourceVersion "1"]
[SourceVersionDate "2016.10.25"]
[SourceQuality "1"]
[WhiteTeam "Orgryte"]
[BlackTeam "Burgsvik Alva"]
[WhiteTeamCountry "SWE"]
[BlackTeamCountry "SWE"]

1. d4 b5 2. Bf4 Nf6 3. e3 Bb7 4. Nf3 b4 5. Bd3 c5 6. Nbd2 e6 7. h3 Nc6 8. 0-0 d5 9. dxc5 Bxc5 10. Qe2 0-0 11. Rad1 Qe7 12. e4 h6 13. e5 Nh7 14. Rfe1 f5 15. exf6 Qxf6 16. Bg3 Rae8 17. Nb3 Bb6 18. Bb5 Ng5 19. Nxg5 Qxg5 20. Kh2 Qf6 21. f3 Qe7 22. Bxc6 Bxc6 23. Nd4 Bd7 24. Be5 Rc8 25. f4 Rc4 26. b3 Rc3 27. Qg4 Bxd4 28. Rxd4 a5 29. Rd2 Rc6 30. Re3 Rf5 31. Rg3 g5 32. Qh5 Rxe5 33. fxe5 Kg7 34. h4 Be8 35. Qg4 Bg6 36. hxg5 hxg5 37. Qxg5 Qxg5 38. Rxg5 Kh6 39. Rg3 Bxc2 40. Rd4 Be4 41. Rd1 Rc3 42. Rf1 Rxg3 43. Kxg3 Kg5 44. Rf2 Bb1 45. Kh3 Bf5+ 46. Kh2 Kg4 47. g3 Be4 48. Rf6 Bb1 49. Rxe6 Kf5 50. Re8 Bxa2 51. Kh3 Bxb3 52. g4+ Kg6 53. Kh4 a4 54. Rb8 a3 55. Rxb4 a2 56. Rb6+ Kf7 57. Rf6+ Ke7 58. Rf1 d4 59. g5 d3 60. g6 Ke6 61. g7 Kxe5 62. Kg5 d2 63. Kg6 Bg8 64. Rh1 Ke4 65. Kf6 Kd3 66. Ke7 Kc2 67. Kf8 Bd5 0-1

[Event "DEN-ch rapid"]
[Site "Fredericia"]
[Date "2016.09.25"]
[Round "7"]
[White "Matthiesen, Martin"]
[Black "Fries Nielsen, Niels Jorgen"]
[Result "0-1"]
[WhiteElo "2255"]
[BlackElo "2349"]
[PlyCount "100"]
[EventDate "2016.09.25"]
[EventType "swiss (rapid)"]
[EventRounds "7"]
[EventCountry "DEN"]
[SourceTitle "EXT 2018"]
[Source "ChessBase"]
[SourceDate "2017.10.13"]
[SourceVersion "1"]
[SourceVersionDate "2017.10.13"]
[SourceQuality "1"]

1. c4 a6 2. d4 b5 3. e3 c6 4. Nf3 Nf6 5. Nc3 d5 6. b3 Bg4 7. h3 Bxf3 8. Qxf3 e6 9. Bd2 Bb4 10. Bd3 Qa5 11. Rc1 Nbd7 12. 0-0 0-0 13. Qe2 bxc4 14. bxc4 dxc4 15. Bxc4 c5 16. a3 Bxc3 17. Rxc3 Ne4 18. Rd3 Nxd2 19. Qxd2 Qxd2 20. Rxd2 Nb6 21. Be2 Rfd8 22. Rc1 cxd4 23. Rxd4 Rxd4 24. exd4 a5 25. Rc5 Kf8 26. Bf3 Ra7 27. Rc6 Nd7 28. Be2 Ke7 29. f4 Nb8 30. Rb6 Nd7 31. Rb5 Kd6 32. Kf2 Nf6 33. Bf3 Nd7 34. Ke3 Ra6 35. Kd3 Ra7 36. g3 h6 37. Kc3 Kc7 38. h4 Kd6 39. Kb3 Kc7 40. d5 e5 41. fxe5 Nxe5 42. Be2 Kd6 43. Ka4 Nd7 44. Rxa5 Nb6+ 45. Kb5 Rxa5+ 46. Kxa5 Nxd5 47. Bf3 Ne3 48. Be2 Kc7 49. Kb5 Nf5 50. g4 Nd4+ 0-1

[Event "Deltalift op"]
[Site "Tylosand"]
[Date "2015.05.14"]
[Round "1"]
[White "Hardlei, Johan"]
[Black "Fries Nielsen, Niels Jorgen"]
[Result "0-1"]
[WhiteElo "1884"]
[BlackElo "2343"]
[PlyCount "112"]
[EventDate "2015.05.14"]
[EventType "swiss"]
[EventRounds "8"]
[EventCountry "SWE"]
[SourceTitle "CBM 166 Extra"]
[Source "ChessBase"]
[SourceDate "2015.06.18"]
[SourceVersion "1"]
[SourceVersionDate "2015.06.18"]
[SourceQuality "1"]

1. e4 d6 2. Nc3 a6 3. a4 Nf6 4. f4 Nc6 5. Nf3 d5 6. exd5 Nxd5 7. Bc4 e6 8. d3 Bd6 9. Bxd5 exd5 10. 0-0 0-0 11. d4 Ne7 12. Nh4 Nc6 13. Nf3 Nb4 14. Na2 Nc6 15. Nc3 Bb4 16. Ne5 Ne7 17. Ne2 Nf5 18. Ng3 Nxg3 19. hxg3 f6 20. Nd3 Bd6 21. f5 Bxg3 22. Qg4 Bd6 23. Nf4 Bxf4 24. Bxf4 Qd7 25. Qg3 Rf7 26. Rae1 Qxa4 27. c3 Qc6 28. Bd2 Bd7 29. Rf3 Re8 30. Rxe8+ Bxe8 31. Qe1 Bd7 32. g4 Qd6 33. Bf4 Qf8 34. Re3 c5 35. dxc5 Qxc5 36. Kh2 Qc8 37. Re7 h5 38. gxh5 Rxe7 39. Qxe7 Qe8 40. Qxe8+ Bxe8 41. h6 Bd7 42. hxg7 Kxg7 43. Kg3 Bxf5 44. Be3 Kf7 45. Kf4 Ke6 46. Bd4 Be4 47. Bb6 f5 48. Ba5 Kd6 49. Bb6 Kc6 50. Bd4 Kb5 51. b4 b6 52. Bf6 a5 53. bxa5 bxa5 54. Ke3 Kc4 55. Kd2 Kb3 56. Be7 a4 0-1

[Event "Copenhagen Challenge"]
[Site "Ballerup"]
[Date "2015.05.03"]
[Round "8"]
[White "Fries Nielsen, Niels Jorgen"]
[Black "Gledura, Benjamin"]
[Result "0-1"]
[WhiteElo "2333"]
[BlackElo "2454"]
[PlyCount "50"]
[EventDate "2015.04.29"]
[EventType "swiss"]
[EventRounds "9"]
[EventCountry "DEN"]
[SourceTitle "CBM 166 Extra"]
[Source "ChessBase"]
[SourceDate "2015.06.18"]
[SourceVersion "1"]
[SourceVersionDate "2015.06.18"]
[SourceQuality "1"]

1. d4 Nf6 2. Nf3 g6 3. g3 Bg7 4. Bg2 0-0 5. 0-0 d5 6. c4 c6 7. cxd5 cxd5 8. Nc3 Ne4 9. Ne5 Bf5 10. Qb3 Nc6 11. Nxc6 bxc6 12. Nxe4 Bxe4 13. Be3 Bxg2 14. Kxg2 Rb8 15. Qc3 Qb6 16. b3 c5 17. Rad1 Rfc8 18. dxc5 Qc6 19. Bd4 e5 20. e3 Re8 21. Rd2 exd4 22. exd4 Re4 23. Rfd1 h5 24. b4 a6 25. a3 h4 0-1

[Event "Copenhagen Challenge"]
[Site "Ballerup"]
[Date "2015.05.03"]
[Round "9"]
[White "Tari, Aryan"]
[Black "Fries Nielsen, Niels Jorgen"]
[Result "1-0"]
[WhiteElo "2509"]
[BlackElo "2333"]
[PlyCount "109"]
[EventDate "2015.04.29"]
[EventType "swiss"]
[EventRounds "9"]
[EventCountry "DEN"]
[SourceTitle "CBM 166 Extra"]
[Source "ChessBase"]
[SourceDate "2015.06.18"]
[SourceVersion "1"]
[SourceVersionDate "2015.06.18"]
[SourceQuality "1"]

1. c4 Nf6 2. Nc3 e5 3. Nf3 d6 4. d4 Nbd7 5. Bg5 Be7 6. e3 0-0 7. Qc2 c6 8. 0-0-0 Qa5 9. Bd3 Re8 10. Kb1 Nf8 11. h3 Be6 12. g4 exd4 13. exd4 d5 14. c5 Ne4 15. Bxe4 dxe4 16. Bxe7 Rxe7 17. Ng5 Bd5 18. Rhe1 Rae8 19. a3 Qc7 20. Ngxe4 Qf4 21. f3 Qxf3 22. Rf1 Bxe4 23. Rxf3 Bxc2+ 24. Kxc2 Ne6 25. b4 Nc7 26. d5 cxd5 27. Nxd5 Re2+ 28. Kb3 Ne6 29. Nc3 Re5 30. Nb5 a5 31. Nd6 Rd8 32. Rdd3 axb4 33. axb4 Rd7 34. Kc4 h5 35. Rf5 Re1 36. gxh5 Rc1+ 37. Kb5 Rb1 38. Rff3 Nc7+ 39. Kc4 Ne6 40. Ra3 Rc1+ 41. Rfc3 Rf1 42. Ra8+ Kh7 43. Rb8 Rf4+ 44. Kb5 Nc7+ 45. Ka5 Rxb4 46. Rxb7 Rxb7 47. Nxb7 Kh6 48. Rg3 Rd5 49. Kb6 Ne6 50. c6 Rd1 51. Nc5 Nf4 52. Kb7 Rc1 53. Nb3 Rc2 54. c7 Nxh5 55. Rf3 1-0

[Event "DEN-chT 1415 53rd"]
[Site "Denmark"]
[Date "2015.02.15"]
[Round "7.1"]
[White "Fries Nielsen, Niels Jorgen"]
[Black "Hoi, Carsten"]
[Result "1/2-1/2"]
[WhiteElo "2329"]
[BlackElo "2395"]
[PlyCount "21"]
[EventDate "2014.10.25"]
[EventType "team-tourn"]
[EventRounds "9"]
[EventCountry "DEN"]
[SourceTitle "EXT 2016"]
[Source "ChessBase"]
[SourceDate "2015.10.08"]
[SourceVersion "1"]
[SourceVersionDate "2015.10.08"]
[SourceQuality "1"]
[WhiteTeam "Esbjerg"]
[BlackTeam "Bronshoj"]
[WhiteTeamCountry "DEN"]
[BlackTeamCountry "DEN"]

1. e4 e6 2. d4 d5 3. exd5 exd5 4. Qe2+ Be7 5. Bg5 h6 6. Bxe7 Nxe7 7. Nd2 Nbc6 8. c3 0-0 9. Qf3 Bf5 10. Bd3 Bxd3 11. Qxd3 1/2-1/2

[Event "Copenhagen Bronshoj op"]
[Site "Copenhagen"]
[Date "2015.02.09"]
[Round "7"]
[White "Bekker Jensen, Simon"]
[Black "Fries Nielsen, Niels Jorgen"]
[Result "1-0"]
[WhiteElo "2452"]
[BlackElo "2324"]
[PlyCount "65"]
[EventDate "2015.02.06"]
[EventType "swiss"]
[EventRounds "7"]
[EventCountry "DEN"]
[SourceTitle "EXT 2016"]
[Source "ChessBase"]
[SourceDate "2015.10.08"]
[SourceVersion "1"]
[SourceVersionDate "2015.10.08"]
[SourceQuality "1"]

1. d4 Nf6 2. c4 c5 3. d5 b5 4. cxb5 a6 5. bxa6 d6 6. Nc3 g6 7. e4 Bg7 8. Nf3 0-0 9. Be2 Bxa6 10. 0-0 Qb6 11. Re1 Nfd7 12. a4 c4 13. Be3 Nc5 14. Bd4 f6 15. Nd2 Qb4 16. Na2 Qb7 17. Bxc5 dxc5 18. Nxc4 Nd7 19. Qc2 Rfb8 20. Rab1 Qb3 21. Qxb3 Rxb3 22. Na5 Rb6 23. Bxa6 Raxa6 24. Nc6 Kf8 25. Nc3 c4 26. a5 Rb7 27. Na4 e6 28. Rbc1 f5 29. Rxc4 exd5 30. exd5 Rb5 31. Rd1 Be5 32. b4 Ra8 33. Nc5 1-0

[Event "Copenhagen Bronshoj op"]
[Site "Copenhagen"]
[Date "2015.02.09"]
[Round "6"]
[White "Mikkelsen, Nikolaj"]
[Black "Fries Nielsen, Niels Jorgen"]
[Result "1-0"]
[WhiteElo "2447"]
[BlackElo "2324"]
[PlyCount "73"]
[EventDate "2015.02.06"]
[EventType "swiss"]
[EventRounds "7"]
[EventCountry "DEN"]
[SourceTitle "EXT 2016"]
[Source "ChessBase"]
[SourceDate "2015.10.08"]
[SourceVersion "1"]
[SourceVersionDate "2015.10.08"]
[SourceQuality "1"]

1. e4 e6 2. d4 d5 3. Nd2 Ne7 4. Ngf3 Nbc6 5. c3 h6 6. Bd3 dxe4 7. Nxe4 b6 8. 0-0 Bb7 9. Re1 Qd7 10. a4 0-0-0 11. a5 e5 12. axb6 cxb6 13. Bb5 Qc7 14. Qa4 f5 15. Ned2 e4 16. Ne5 Nxe5 17. dxe5 Qxe5 18. Nc4 Qb8 19. Be3 Nd5 20. Bd4 Bd6 21. Nxd6+ Qxd6 22. Qxa7 Nc7 23. Bf1 b5 24. Ra5 Qc6 25. c4 b4 26. Rxf5 Qd7 27. Rd5 Nxd5 28. cxd5 Qxd5 29. Rc1+ Kd7 30. Rc5 Qxd4 31. Qxb7+ Ke6 32. Rc6+ Rd6 33. Rc4 Qd5 34. Qxg7 Qe5 35. Qg6+ Kd5 36. Qf7+ Qe6 37. Qh5+ 1-0

[Event "SWE-chT 1415 Superettan"]
[Site "Sweden"]
[Date "2015.01.16"]
[Round "6"]
[White "Gruvaeus, Curt"]
[Black "Fries Nielsen, Niels Jorgen"]
[Result "1/2-1/2"]
[WhiteElo "2300"]
[BlackElo "2327"]
[PlyCount "67"]
[EventDate "2014.11.21"]
[EventType "team-tourn"]
[EventRounds "9"]
[EventCountry "SWE"]
[SourceTitle "EXT 2018"]
[Source "ChessBase"]
[SourceDate "2017.10.13"]
[SourceVersion "1"]
[SourceVersionDate "2017.10.13"]
[SourceQuality "1"]
[WhiteTeam "Orebro"]
[BlackTeam "Burgsvik Alva"]
[WhiteTeamCountry "SWE"]
[BlackTeamCountry "SWE"]

1. d4 Nf6 2. c4 c5 3. Nf3 g6 4. Nc3 Bg7 5. g3 cxd4 6. Nxd4 Nc6 7. Nc2 Ng4 8. Bd2 d6 9. h3 Nge5 10. b3 0-0 11. Bg2 e6 12. 0-0 d5 13. cxd5 exd5 14. Nxd5 Bxh3 15. Bc3 Bxg2 16. Kxg2 Re8 17. e4 Rc8 18. Nce3 Nd7 19. Bxg7 Kxg7 20. f3 Nf6 21. Qd2 Nxd5 22. Nxd5 f6 23. Rh1 h5 24. Rad1 Qd6 25. Nf4 Qxd2+ 26. Rxd2 Ne5 27. Nd5 Red8 28. Rhd1 Kf7 29. Kf2 Rd6 30. Ke2 Rcd8 31. Ke3 R6d7 32. Ke2 Rd6 33. Ke3 R6d7 34. Ke2 1/2-1/2

[Event "DEN-chT 1415 53rd"]
[Site "Denmark"]
[Date "2015.01.11"]
[Round "5.1"]
[White "Schandorff, Lars"]
[Black "Fries Nielsen, Niels Jorgen"]
[Result "1/2-1/2"]
[WhiteElo "2532"]
[BlackElo "2329"]
[PlyCount "84"]
[EventDate "2014.10.25"]
[EventType "team-tourn"]
[EventRounds "9"]
[EventCountry "DEN"]
[SourceTitle "EXT 2016"]
[Source "ChessBase"]
[SourceDate "2015.10.08"]
[SourceVersion "1"]
[SourceVersionDate "2015.10.08"]
[SourceQuality "1"]
[WhiteTeam "Hillerod"]
[BlackTeam "Esbjerg"]
[WhiteTeamCountry "DEN"]
[BlackTeamCountry "DEN"]

1. d4 Nf6 2. c4 d6 3. Nc3 Nbd7 4. e4 e5 5. d5 Be7 6. Bd3 Nf8 7. Nge2 Ng6 8. f3 c6 9. Be3 a6 10. 0-0 0-0 11. b4 Nh5 12. Qd2 h6 13. Rad1 a5 14. a3 axb4 15. axb4 Bd7 16. g3 Qc8 17. Ra1 Rxa1 18. Rxa1 f5 19. exf5 Bxf5 20. Ne4 Nf6 21. N2c3 h5 22. Ng5 cxd5 23. cxd5 Nh7 24. Nxh7 Kxh7 25. Ne4 Nh8 26. Rc1 Qd7 27. Qc2 g6 28. Qc7 Rc8 29. Qxc8 Qxc8 30. Rxc8 Bxc8 31. Bb6 Nf7 32. Bc7 Kg7 33. h4 Bd7 34. Kf2 Ba4 35. b5 Bb3 36. Nc3 g5 37. hxg5 Bxg5 38. Ke2 Bc1 39. Be4 Bc4+ 40. Bd3 Bb3 41. Be4 Bc4+ 42. Bd3 Bb3 1/2-1/2

[Event "DEN-chT 1415 53rd"]
[Site "Denmark"]
[Date "2015.01.10"]
[Round "4.1"]
[White "Fries Nielsen, Niels Jorgen"]
[Black "Andersen, Mads"]
[Result "0-1"]
[WhiteElo "2330"]
[BlackElo "2494"]
[PlyCount "66"]
[EventDate "2014.10.25"]
[EventType "team-tourn"]
[EventRounds "9"]
[EventCountry "DEN"]
[SourceTitle "EXT 2016"]
[Source "ChessBase"]
[SourceDate "2015.10.08"]
[SourceVersion "1"]
[SourceVersionDate "2015.10.08"]
[SourceQuality "1"]
[WhiteTeam "Esbjerg"]
[BlackTeam "Skanderborg Nordea"]
[WhiteTeamCountry "DEN"]
[BlackTeamCountry "DEN"]

1. d4 d5 2. g3 Nf6 3. Bg2 c6 4. Nf3 Bg4 5. h3 Bh5 6. g4 Bg6 7. Ne5 Nbd7 8. Nc3 e6 9. Nxg6 hxg6 10. Bf4 Bb4 11. Qd3 Qa5 12. 0-0 Bxc3 13. bxc3 Nb6 14. Bc7 Rc8 15. Bxb6 axb6 16. Rfb1 0-0 17. a4 Ne8 18. Rb4 b5 19. e4 Nd6 20. e5 Nc4 21. f4 Ra8 22. f5 gxf5 23. gxf5 exf5 24. Qxf5 bxa4 25. Raxa4 Qxa4 26. Rxa4 Rxa4 27. e6 Ra1+ 28. Kh2 Re1 29. Bxd5 cxd5 30. Qxd5 Ne3 31. Qd7 Nf1+ 32. Kg2 fxe6 33. Qxb7 Ne3+ 0-1

[Event "Politiken Cup 36th"]
[Site "Helsingor"]
[Date "2014.07.26"]
[Round "7"]
[White "Fries Nielsen, Niels Jorgen"]
[Black "Riis, Jens"]
[Result "1/2-1/2"]
[WhiteElo "2297"]
[BlackElo "2172"]
[PlyCount "43"]
[EventDate "2014.07.21"]
[EventType "swiss"]
[EventRounds "10"]
[EventCountry "DEN"]
[SourceTitle "CBM 161 Extra"]
[Source "ChessBase"]
[SourceDate "2014.08.29"]
[SourceVersion "1"]
[SourceVersionDate "2014.08.29"]
[SourceQuality "1"]

1. g3 d5 2. Bg2 Nf6 3. d3 c6 4. Nd2 e5 5. h3 Be7 6. e3 0-0 7. Ne2 Re8 8. 0-0 Qc7 9. b3 Nbd7 10. Bb2 a5 11. a4 Bf8 12. Rc1 Rb8 13. Kh2 b5 14. Ra1 Bd6 15. e4 dxe4 16. dxe4 Nc5 17. axb5 cxb5 18. Nc3 Bd7 19. Nd5 Nxd5 20. exd5 Bf5 21. Re1 a4 22. Ne4 1/2-1/2